Score 0/20 Timer 05:00
0 Plays Today
% Correct
brócoli
96.5%
pasta
93.9%
maíz
93.9%
papas fritas
93.8%
queso
92.4%
patata
90.7%
pan
90.6%
piña
90.5%
jamón
88.4%
huevo
87.6%
% Correct
azúcar
83.3%
helado
77%
champiñón
75%
fresa
74.8%
manzana
73.7%
lechuga
73.3%
pastel
67.8%
aceituna
63.1%
uvas
62.9%
chirivía
61.6%
Remove Ads.
Support Sporcle.
Get the best of Sporcle when you Go Orange. This ad-free experience offers more features, more stats, and more fun while also helping to support Sporcle. Thank you for becoming a member.

You're not logged in!

Compare scores with friends on all Sporcle quizzes.
OR
Log In

Sporcle TV

Today on Sporcle TV


Watch our educational content, quiz creation guides, and fun videos on Sporcle TV.

Show Comments

Extras

Top Quizzes Today


Score Distribution

Paid Content

Your Account Isn't Verified!

In order to create a playlist on Sporcle, you need to verify the email address you used during registration. Go to your Sporcle Settings to finish the process.

Report this User

Report this user for behavior that violates our Community Guidelines.

Details: